[Event "Monarch Assurance Isle of Man 10th"]
[Site "Port Erin IOM"]
[Date "2001.10.03"]
[Round "5.8"]
[White "Marusenko, Petr"]
[Black "Galkin, Alexander"]
[Result "0-1"]
[WhiteElo "2362"]
[BlackElo "2583"]
[PlyCount "86"]
[EventDate "2001.09.29"]
[EventType "swiss"]
[EventRounds "9"]
[EventCountry "IOM"]
[SourceTitle "BritBase"]
[SourceDate "2008.07.14"]
[SourceVersion "1"]
[SourceVersionDate "2008.07.14"]
[SourceQuality "2"]

1. e4 c5 2. Nf3 e6 3. d3 d5 4. Nbd2 Nc6 5. g3 Bd6 6. Bg2 Nge7 7. O-O O-O 8. Re1
Bc7 9. exd5 exd5 10. d4 c4 11. Nf1 Rb8 12. h4 h6 13. N1h2 b5 14. h5 f5 15. Ne5
Nxe5 16. dxe5 d4 17. Bf4 Be6 18. Nf3 Bb6 19. Qc1 Kh7 20. Rd1 Nc6 21. Nh4 Rc8
22. Ng6 Rf7 23. Qd2 Ne7 24. Nh4 Nd5 25. Ng6 Ne7 26. Nh4 Nd5 27. Ng6 c3 28. bxc3
Nxc3 29. Re1 Ba5 30. Qd3 Na4 31. Bd2 Nc3 32. Bh3 Bb6 33. Nf4 Qe8 34. g4 Bc4 35.
Qf3 Ne4 36. Rxe4 fxe4 37. Qxe4+ Kg8 38. g5 hxg5 39. e6 Rxf4 40. Bxf4 gxf4 41.
Re1 Qxh5 42. e7 Re8 43. Bd7 f3 0-1

[Event "Monarch Assurance Isle of Man 10th"]
[Site "Port Erin IOM"]
[Date "2001.10.03"]
[Round "5.9"]
[White "Willmoth, Robert"]
[Black "Lalic, Bogdan"]
[Result "0-1"]
[WhiteElo "2239"]
[BlackElo "2528"]
[PlyCount "50"]
[EventDate "2001.09.29"]
[EventType "swiss"]
[EventRounds "9"]
[EventCountry "IOM"]
[SourceTitle "BritBase"]
[SourceDate "2008.07.14"]
[SourceVersion "1"]
[SourceVersionDate "2008.07.14"]
[SourceQuality "2"]

1. e4 e5 2. Bc4 Nf6 3. d3 c6 4. Nf3 Be7 5. O-O d6 6. Re1 Nbd7 7. a4 Nf8 8. Ng5
Ne6 9. Nxe6 Bxe6 10. Bxe6 fxe6 11. d4 exd4 12. Qxd4 O-O 13. a5 Nd7 14. Nc3 d5
15. Qd1 Bf6 16. Bd2 Ne5 17. b3 Ng6 18. Qg4 Bd4 19. Qxe6+ Kh8 20. Rf1 Qh4 21. g3
Qh5 22. Ra4 Ne5 23. h4 Nf3+ 24. Kg2 Nxd2 25. Rxd4 Qf3+ 0-1

[Event "Monarch Assurance Isle of Man 10th"]
[Site "Port Erin IOM"]
[Date "2001.10.03"]
[Round "5.10"]
[White "Jackson, Adrian"]
[Black "Gallagher, Joseph"]
[Result "0-1"]
[WhiteElo "2230"]
[BlackElo "2516"]
[PlyCount "80"]
[EventDate "2001.09.29"]
[EventType "swiss"]
[EventRounds "9"]
[EventCountry "IOM"]
[SourceTitle "BritBase"]
[SourceDate "2008.07.14"]
[SourceVersion "1"]
[SourceVersionDate "2008.07.14"]
[SourceQuality "2"]

1. e4 c5 2. Nf3 d6 3. d4 cxd4 4. Nxd4 Nf6 5. Nc3 a6 6. Bc4 e6 7. Bb3 b5 8. O-O
Be7 9. Qf3 Qc7 10. Qg3 Nc6 11. Be3 O-O 12. Nxc6 Qxc6 13. f3 Bd7 14. a3 Rfc8 15.
Rad1 a5 16. a4 Qb7 17. Bd4 bxa4 18. Nxa4 Bxa4 19. Bxa4 Qb4 20. Bb3 a4 21. Ba2
Rxc2 22. Bc3 Qb6+ 23. Bd4 Qb5 24. Bc3 a3 25. Bb1 Rxc3 26. bxc3 a2 27. Bxa2 Rxa2
28. Rb1 Qc5+ 29. Kh1 h6 30. Qe1 g6 31. Ra1 Rc2 32. Rc1 Rb2 33. Qd1 d5 34. e5
Nd7 35. f4 Qc4 36. Rf3 Nc5 37. Qf1 Qe4 38. Re1 Qf5 39. h3 h5 40. Kh2 Ne4 0-1

[Event "Monarch Assurance Isle of Man 10th"]
[Site "Port Erin IOM"]
[Date "2001.10.03"]
[Round "5.11"]
[White "Ryan, Joseph"]
[Black "Hillarp Persson, Tiger"]
[Result "0-1"]
[WhiteElo "2305"]
[BlackElo "2438"]
[PlyCount "134"]
[EventDate "2001.09.29"]
[EventType "swiss"]
[EventRounds "9"]
[EventCountry "IOM"]
[SourceTitle "BritBase"]
[SourceDate "2008.07.14"]
[SourceVersion "1"]
[SourceVersionDate "2008.07.14"]
[SourceQuality "2"]

1. d4 g6 2. c4 Bg7 3. e4 d6 4. Nc3 Nf6 5. Nf3 O-O 6. Be2 e5 7. O-O Nc6 8. d5
Ne7 9. b4 a5 10. Ba3 Nh5 11. c5 axb4 12. Bxb4 Nf4 13. Rc1 Bg4 14. h3 Bh5 15.
Nh2 Bxe2 16. Nxe2 Rxa2 17. Nxf4 exf4 18. Nf3 h6 19. Re1 Re8 20. Qb3 Ra7 21. Qc4
Qd7 22. Nd4 Ra4 23. Rb1 dxc5 24. Qxc5 Bxd4 25. Qxd4 Nc6 26. Qc3 Nxb4 27. Rxb4
Rxb4 28. Qxb4 b6 29. f3 Qe7 30. Qd4 Ra8 31. Rc1 Ra5 32. Rc6 Rc5 33. d6 Qd7 34.
Rxc5 bxc5 35. Qxc5 Qxd6 36. Qc4 c5 37. Kf1 Qd1+ 38. Kf2 Qd2+ 39. Kf1 Qd1+ 40.
Kf2 Qd2+ 41. Kf1 Qd6 42. Qc3 h5 43. Ke2 Kf8 44. Qh8+ Ke7 45. Qb2 Ke6 46. h4 Qe5
47. Qb3+ Kf6 48. Qb6+ Kg7 49. Qb5 Qd4 50. Qb6 Qe3+ 51. Kf1 Qd3+ 52. Kf2 Qd2+
53. Kf1 c4 54. e5 c3 55. Qf6+ Kg8 56. e6 Qc1+ 57. Kf2 Qe3+ 58. Kf1 Qc1+ 59. Kf2
Qe3+ 60. Kf1 fxe6 61. Qxg6+ Kf8 62. Qxh5 Qc1+ 63. Ke2 Qd2+ 64. Kf1 Qd1+ 65. Kf2
Qd4+ 66. Ke2 Qc4+ 67. Kd1 Qd5+ 0-1

[Event "Monarch Assurance Isle of Man 10th"]
[Site "Port Erin IOM"]
[Date "2001.10.03"]
[Round "5.12"]
[White "McNab, Colin"]
[Black "Valenti, Richard"]
[Result "1-0"]
[WhiteElo "2437"]
[BlackElo "2143"]
[PlyCount "85"]
[EventDate "2001.09.29"]
[EventType "swiss"]
[EventRounds "9"]
[EventCountry "IOM"]
[SourceTitle "BritBase"]
[SourceDate "2008.07.14"]
[SourceVersion "1"]
[SourceVersionDate "2008.07.14"]
[SourceQuality "2"]

1. c4 g6 2. g3 Bg7 3. Bg2 d6 4. d4 Nf6 5. Nf3 O-O 6. O-O Nc6 7. d5 Na5 8. Nbd2
c5 9. e4 Rb8 10. Qe2 b5 11. cxb5 a6 12. Rb1 Bd7 13. Re1 Bxb5 14. Qe3 e6 15.
dxe6 fxe6 16. h3 Nc6 17. Nb3 Nb4 18. Rd1 Qe7 19. e5 Nfd5 20. Qe4 c4 21. Nbd4
dxe5 22. Nxb5 axb5 23. Nxe5 Qa7 24. Rf1 Rf5 25. Ng4 Re8 {(=)} 26. Bh6 Bd4 27.
Rbd1 Bxb2 28. Ne3 Nc3 29. Qg4 Nxd1 30. Nxf5 Nxf2 31. Qe2 gxf5 32. Kh2 Nbd3 33.
Bc6 Re7 34. Bxb5 Qc5 35. a4 Be5 36. Qf3 Rf7 37. Bxc4 Ne4 38. Bxe6 Bxg3+ 39. Kh1
Ndf2+ 40. Kg2 Qc2 41. Bxf7+ Kxf7 42. Qxf5+ Nf6 43. Qxc2 1-0

[Event "Monarch Assurance Isle of Man 10th"]
[Site "Port Erin IOM"]
[Date "2001.10.03"]
[Round "5.13"]
[White "Cherniaev, Alexander"]
[Black "Collins, Sam IRL"]
[Result "1-0"]
[WhiteElo "2437"]
[BlackElo "2194"]
[PlyCount "129"]
[EventDate "2001.09.29"]
[EventType "swiss"]
[EventRounds "9"]
[EventCountry "IOM"]
[SourceTitle "BritBase"]
[SourceDate "2008.07.14"]
[SourceVersion "1"]
[SourceVersionDate "2008.07.14"]
[SourceQuality "2"]

1. e4 c5 2. c3 e6 3. d4 d5 4. e5 Nc6 5. Nf3 Qb6 6. a3 c4 7. Nbd2 Na5 8. g3 Bd7
9. h4 h5 10. Bh3 Ne7 11. O-O Qc6 12. Qe2 Nc8 13. Re1 Be7 14. Rb1 Nb3 15. Nxb3
cxb3 16. Nd2 Qb6 17. Qd1 Ba4 18. Bf1 Bd8 19. Be2 g6 20. Nf3 Qc6 21. Bf4 Be7 22.
Ra1 a5 23. Nd2 Nb6 24. Bd3 Bb5 25. Bxb5 Qxb5 26. Nxb3 a4 27. Nd2 Nc4 28. Nxc4
dxc4 29. Qf3 Qc6 30. Re4 Qb5 31. Qe2 Qd5 32. Re1 Ra5 33. Qf3 Rb5 34. Bc1 Ra5
35. R1e2 Rh7 36. Kg2 Ra8 37. Bg5 Bxg5 38. hxg5 Ra5 39. Qf6 Rb5 40. f3 Ra5 41.
Rh4 Qd8 42. g4 Qxf6 43. gxf6 Kd7 44. Kg3 Ra8 45. Reh2 Rah8 46. Kf4 Kc6 47. Kg5
Rg8 48. gxh5 gxh5+ 49. Kf4 Rgh8 50. Ke4 b5 51. Rg2 Rd8 52. Rg5 Rdh8 53. f4 Rh6
54. f5 exf5+ 55. Kxf5 Kd5 56. Rg7 R8h7 57. Rxh7 Rxh7 58. Kg5 Rh8 59. Rxh5 Rg8+
60. Kf4 b4 61. axb4 Rg2 62. Rh8 Rf2+ 63. Kg5 Rg2+ 64. Kh6 Rxb2 65. Kg7 1-0

[Event "Monarch Assurance Isle of Man 10th"]
[Site "Port Erin IOM"]
[Date "2001.10.03"]
[Round "5.14"]
[White "Kirsanov, Oleg"]
[Black "Smith, Andrew P"]
[Result "1-0"]
[WhiteElo "2365"]
[BlackElo "2234"]
[PlyCount "65"]
[EventDate "2001.09.29"]
[EventType "swiss"]
[EventRounds "9"]
[EventCountry "IOM"]
[SourceTitle "BritBase"]
[SourceDate "2008.07.14"]
[SourceVersion "1"]
[SourceVersionDate "2008.07.14"]
[SourceQuality "2"]

1. d4 Nf6 2. g3 g6 3. Bg2 Bg7 4. e4 d6 5. Nc3 O-O 6. Nge2 e5 7. O-O exd4 8.
Nxd4 Nbd7 9. h3 Re8 10. Re1 Nc5 11. Nb3 Nxb3 12. axb3 Nd7 13. Be3 a6 14. Qd2
Ne5 15. f4 Nc6 16. Bf2 Be6 17. Rad1 h5 18. Qe2 Qf6 19. Be3 Rac8 20. Rf1 Bh6 21.
e5 dxe5 22. Ne4 Qg7 23. fxe5 Red8 24. Nf6+ Kh8 25. Bc5 Bg5 26. Bxc6 Rxd1 27.
Rxd1 bxc6 28. Be7 Bxh3 29. Qd3 Rg8 30. Nxg8 Qxe5 31. Qc3 Qxc3 32. bxc3 Bg4 33.
Rd8 1-0

[Event "Monarch Assurance Isle of Man 10th"]
[Site "Port Erin IOM"]
[Date "2001.10.03"]
[Round "5.15"]
[White "Arakhamia-Grant, Ketevan"]
[Black "Simons, Martin"]
[Result "1-0"]
[WhiteElo "2446"]
[BlackElo "2215"]
[PlyCount "78"]
[EventDate "2001.09.29"]
[EventType "swiss"]
[EventRounds "9"]
[EventCountry "IOM"]
[SourceTitle "BritBase"]
[SourceDate "2008.07.14"]
[SourceVersion "1"]
[SourceVersionDate "2008.07.14"]
[SourceQuality "2"]

1. Nf3 d6 2. e4 Nf6 3. Nc3 c6 4. d4 Qa5 5. Bd3 e5 6. h3 Nbd7 7. O-O Be7 8. Be3
O-O 9. Qd2 Qc7 10. a4 b6 11. Rfe1 a6 12. Qe2 Re8 13. Bc4 Rf8 14. d5 c5 15. Nd2
Ne8 16. Bd3 Nb8 17. Nc4 Ra7 18. f4 exf4 19. Bxf4 f6 20. Ne3 Nd7 21. Nf5 Ne5 22.
Bxe5 dxe5 23. d6 Bxd6 24. Bc4+ Kh8 25. Nd5 Qc6 26. Ra3 Nc7 27. Nxc7 Qxc7 28.
Ne3 Bb7 29. Qg4 Bc8 30. Qf3 Bd7 31. Qe2 Bc8 32. Rd1 Re8 33. Nd5 Qc6 34. Qh5 Rd8
35. Rb3 Qxa4 36. Nxb6 Qc6 37. Bd5 Qc7 38. Nc4 Bf8 39. Rbd3 a5 {time} 1-0

[Event "Monarch Assurance Isle of Man 10th"]
[Site "Port Erin IOM"]
[Date "2001.10.03"]
[Round "5.16"]
[White "Crouch, Colin"]
[Black "Goodger, Martyn"]
[Result "1-0"]
[WhiteElo "2407"]
[BlackElo "2136"]
[PlyCount "77"]
[EventDate "2001.09.29"]
[EventType "swiss"]
[EventRounds "9"]
[EventCountry "IOM"]
[SourceTitle "BritBase"]
[SourceDate "2008.07.14"]
[SourceVersion "1"]
[SourceVersionDate "2008.07.14"]
[SourceQuality "2"]

1. d4 f5 2. g3 Nf6 3. Bg2 g6 4. c3 Bg7 5. Nd2 O-O 6. Qb3+ d5 7. e4 fxe4 8. Nxe4
Nxe4 9. Bxe4 c6 10. Bg2 b6 11. Nh3 Ba6 12. Be3 Nd7 13. Nf4 Bc4 14. Qc2 Rf6 15.
O-O-O Nf8 16. h4 Ne6 17. h5 Nxf4 18. Bxf4 Qf8 19. hxg6 hxg6 20. Kb1 Ba6 21. Bh3
Bc8 22. Bxc8 Rxc8 23. Rde1 Qf7 24. Re2 Re6 25. Rhe1 Rxe2 26. Qxe2 Qf5+ 27. Ka1
e6 28. Qa6 e5 29. Bxe5 Bxe5 30. Rxe5 Qh3 31. Qd3 Kg7 32. Re7+ Kf6 33. Re1 Qf5
34. Qe3 Rc7 35. g4 Qd7 36. a3 Kg7 37. Qe5+ Kg8 38. Rh1 Qg7 39. Qe8+ 1-0

[Event "Monarch Assurance Isle of Man 10th"]
[Site "Port Erin IOM"]
[Date "2001.10.03"]
[Round "5.18"]
[White "Bisby, Daniel"]
[Black "Yurenok, Maria"]
[Result "1/2-1/2"]
[WhiteElo "2285"]
[BlackElo "2088"]
[PlyCount "111"]
[EventDate "2001.09.29"]
[EventType "swiss"]
[EventRounds "9"]
[EventCountry "IOM"]
[SourceTitle "BritBase"]
[SourceDate "2008.07.14"]
[SourceVersion "1"]
[SourceVersionDate "2008.07.14"]
[SourceQuality "2"]

1. e4 c5 2. Nc3 Nc6 3. f4 e6 4. Nf3 d5 5. Bb5 Nf6 6. Bxc6+ bxc6 7. e5 Nd7 8. d3
Be7 9. O-O O-O 10. b3 c4 11. bxc4 dxc4 12. d4 Bb7 13. Rb1 Rb8 14. Be3 Qa5 15.
Qe1 Bb4 16. Bd2 Bxc3 17. Bxc3 Qd5 18. Qe3 Ba8 19. Bb4 c5 20. dxc5 Rfd8 21. Ba3
Rxb1 22. Rxb1 Bc6 23. Qd4 Nb8 24. c3 h6 25. Kf2 Na6 26. Qxd5 Bxd5 27. Nd4 Nb8
28. Nb5 Nc6 29. Nd6 Rb8 30. Rxb8+ Nxb8 31. g3 Nc6 32. Ke3 f6 33. exf6 gxf6 34.
f5 e5 35. Bc1 h5 36. Ne8 Kf7 37. Nc7 Bg2 38. Nb5 Bd5 39. h3 Kg7 40. g4 hxg4 41.
hxg4 Kf8 42. Ke2 Be4 43. Bh6+ Kg8 44. Nd6 Bd5 45. Be3 Kf8 46. Bf2 Nb8 47. Nc8
a6 48. Nb6 Bc6 49. Bh4 Kf7 50. Bf2 Kf8 51. Kd2 Bf3 52. g5 fxg5 53. Nxc4 Nc6 54.
Be3 g4 55. Nd6 g3 56. f6 1/2-1/2

[Event "Monarch Assurance Isle of Man 10th"]
[Site "Port Erin IOM"]
[Date "2001.10.03"]
[Round "5.19"]
[White "Van Kemenade, Rudy"]
[Black "Afek, Yochanan"]
[Result "0-1"]
[WhiteElo "1992"]
[BlackElo "2381"]
[PlyCount "80"]
[EventDate "2001.09.29"]
[EventType "swiss"]
[EventRounds "9"]
[EventCountry "IOM"]
[SourceTitle "BritBase"]
[SourceDate "2008.07.14"]
[SourceVersion "1"]
[SourceVersionDate "2008.07.14"]
[SourceQuality "2"]

1. f4 c5 2. Nf3 Nc6 3. g3 d6 4. Bg2 g6 5. d3 Bg7 6. O-O e6 7. Nc3 Nge7 8. h3
O-O 9. g4 Rb8 10. Kh1 b5 11. Ne4 f5 12. Ng3 fxg4 13. hxg4 e5 14. f5 gxf5 15.
gxf5 Nxf5 16. Nxf5 Bxf5 17. Ng5 d5 18. e4 dxe4 19. Qh5 Bg6 20. Rxf8+ Qxf8 21.
Qh4 Nd4 22. dxe4 h6 23. Nh3 Nxc2 24. Rb1 Rd8 25. Qg4 Kh7 26. Bg5 Rd3 27. Rf1
Qd6 28. Qh4 Rd1 29. Be7 Rxf1+ 30. Bxf1 Qd1 31. Ng5+ Kg8 32. Qh3 hxg5 33. Qc8+
Kh7 34. Kg1 Qd4+ 35. Kh2 Qf2+ 36. Bg2 Qf4+ 37. Kg1 Qe3+ 38. Kh2 Ne1 39. Bxc5
Qf4+ 40. Kg1 Nxg2 0-1

[Event "Monarch Assurance Isle of Man 10th"]
[Site "Port Erin IOM"]
[Date "2001.10.03"]
[Round "5.20"]
[White "Spence, David J"]
[Black "Bousbouras, Spyridon"]
[Result "1/2-1/2"]
[WhiteElo "2185"]
[BlackElo "2102"]
[PlyCount "89"]
[EventDate "2001.09.29"]
[EventType "swiss"]
[EventRounds "9"]
[EventCountry "IOM"]
[SourceTitle "BritBase"]
[SourceDate "2008.07.14"]
[SourceVersion "1"]
[SourceVersionDate "2008.07.14"]
[SourceQuality "2"]

1. e4 c6 2. d4 d5 3. e5 Bf5 4. Nf3 e6 5. Be2 Nd7 6. O-O Ne7 7. b3 c5 8. Bb2 Nc6
9. Nbd2 cxd4 10. Nxd4 Nxd4 11. Bxd4 Bc5 12. Bxc5 Nxc5 13. Bb5+ Nd7 14. c4 Bd3
15. Re1 O-O 16. Qf3 dxc4 17. Bxc4 Bxc4 18. Nxc4 b5 19. Nb2 Qg5 {(=)} 20. Qe2 a6
21. a4 Nc5 22. axb5 Nxb3 23. Rxa6 Rab8 24. Ra4 Rfd8 25. f4 Qe7 26. Qc4 Nd4 27.
Rd1 Rxb5 28. Rxd4 Rxb2 29. Qc1 Rxd4 30. Rxd4 Rb8 31. Rc4 Qd7 32. h3 h5 33. Kh2
g6 34. Rc2 Rd8 35. Rc4 Kg7 36. Qc3 Qd2 37. Qxd2 Rxd2 38. Kg3 Rd3+ 39. Kf2 h4
40. Kg1 Rg3 41. Rc2 Rb3 42. Kf2 Rd3 43. Re2 g5 44. fxg5 Kg6 45. Re4 1/2-1/2

[Event "Monarch Assurance Isle of Man 10th"]
[Site "Port Erin IOM"]
[Date "2001.10.03"]
[Round "5.21"]
[White "Coathup, Roger"]
[Black "Ormsby, Alan"]
[Result "1/2-1/2"]
[WhiteElo "2130"]
[BlackElo "1720"]
[PlyCount "87"]
[EventDate "2001.09.29"]
[EventType "swiss"]
[EventRounds "9"]
[EventCountry "IOM"]
[SourceTitle "BritBase"]
[SourceDate "2008.07.14"]
[SourceVersion "1"]
[SourceVersionDate "2008.07.14"]
[SourceQuality "2"]

1. d4 d5 2. c4 c6 3. Nf3 Nf6 4. Nc3 dxc4 5. a4 Bf5 6. Ne5 Nbd7 7. Nxc4 Qc7 8.
g3 e5 9. dxe5 Nxe5 10. Bf4 Nfd7 11. Nxe5 Nxe5 12. Bg2 f6 13. O-O Rd8 14. Qb3
Qf7 15. Qxf7+ Kxf7 16. a5 a6 17. h3 Bc5 18. g4 Be6 19. Ne4 Ba7 20. Ng5+ Ke7 21.
Nxe6 Kxe6 22. Be4 g6 23. Rfd1 Bb8 24. Bc2 Nf3+ 25. Kg2 Bxf4 26. Kxf3 Bc7 {(=)}
27. Bd3 Ke7 28. Ra3 Rd7 29. Rda1 Rhd8 30. Rb3 Be5 31. Ra4 Bd6 32. h4 Kf8 33. h5
Kg7 34. Re4 Rf8 35. hxg6 hxg6 36. Re6 Be5 37. Bc4 g5 38. e3 Rh8 39. Ke4 Rh2 40.
Kf3 Rh3+ 41. Kg2 Rh2+ 42. Kf3 Rh3+ 43. Kg2 Rh2+ 44. Kf3 1/2-1/2

[Event "Monarch Assurance Isle of Man 10th"]
[Site "Port Erin IOM"]
[Date "2001.10.03"]
[Round "5.22"]
[White "Bolt, Graham"]
[Black "McNally, Bruce"]
[Result "1/2-1/2"]
[WhiteElo "2124"]
[BlackElo "2010"]
[PlyCount "46"]
[EventDate "2001.09.29"]
[EventType "swiss"]
[EventRounds "9"]
[EventCountry "IOM"]
[SourceTitle "BritBase"]
[SourceDate "2008.07.14"]
[SourceVersion "1"]
[SourceVersionDate "2008.07.14"]
[SourceQuality "2"]

1. e4 Nc6 2. Nc3 e6 3. d4 Bb4 4. Nf3 d6 5. Be2 Nge7 6. O-O Bxc3 7. bxc3 Ng6 8.
d5 Nce7 9. c4 e5 10. Be3 b6 11. Nd2 Nf4 12. Bxf4 exf4 13. Nf3 Ng6 14. Nd4 Ne5
15. Qd2 g5 16. Nf3 Qe7 17. Rfe1 h5 18. Rad1 f6 19. Kh1 Bd7 20. Rb1 Nxf3 21.
Bxf3 g4 22. Bd1 Qe5 23. Rb3 Kf7 1/2-1/2

[Event "Monarch Assurance Isle of Man 10th"]
[Site "Port Erin IOM"]
[Date "2001.10.03"]
[Round "5.23"]
[White "May, Frank"]
[Black "Ellison, D George"]
[Result "1-0"]
[WhiteElo "2125"]
[BlackElo "2104"]
[PlyCount "117"]
[EventDate "2001.09.29"]
[EventType "swiss"]
[EventRounds "9"]
[EventCountry "IOM"]
[SourceTitle "BritBase"]
[SourceDate "2008.07.14"]
[SourceVersion "1"]
[SourceVersionDate "2008.07.14"]
[SourceQuality "2"]

1. d4 e6 2. c4 f5 3. g3 Nf6 4. Bg2 Be7 5. Nc3 O-O 6. Nh3 d6 7. Nf4 c6 8. O-O e5
9. dxe5 dxe5 10. Nd3 Qc7 11. e4 fxe4 12. Nxe4 Nxe4 13. Bxe4 Bf5 14. Qe2 Nd7 15.
Re1 Bxe4 16. Qxe4 Bf6 17. Bd2 Rf7 {(=)} 18. Bc3 Re7 19. Re2 Rae8 20. Rae1 a5
21. Kg2 b6 22. f3 Qd6 23. Nf2 Nc5 24. Qc2 Qe6 25. b3 Qf7 26. Ne4 Nxe4 27. Qxe4
Rc8 28. Qf5 Rd8 29. Qe4 Qe8 30. a4 c5 31. h4 Rd6 32. Rd2 Rxd2+ 33. Bxd2 Rd7 34.
Bc3 Qd8 35. Bxe5 Rd2+ 36. Kh3 Bxe5 37. Qxe5 h6 38. Qe8+ Qxe8 39. Rxe8+ Kf7 40.
Rb8 Rd6 41. h5 g6 42. Rb7+ Kg8 43. hxg6 Rxg6 44. f4 Rd6 45. Kh4 Re6 46. g4 Rd6
47. Kh5 Rd4 48. Kg6 Rd6+ 49. Kf5 Kf8 50. g5 hxg5 51. Kxg5 Rd3 52. Rxb6 Ke7 53.
Kf5 Rh3 54. Ke5 Rd3 55. Rb7+ Kd8 56. f5 Kc8 57. Ra7 Rxb3 58. Rxa5 Re3+ 59. Kd6
1-0

[Event "Monarch Assurance Isle of Man 10th"]
[Site "Port Erin IOM"]
[Date "2001.10.03"]
[Round "5.24"]
[White "Lutton, J Ezra"]
[Black "Allen, Keith"]
[Result "1/2-1/2"]
[WhiteElo "2093"]
[BlackElo "2289"]
[PlyCount "83"]
[EventDate "2001.09.29"]
[EventType "swiss"]
[EventRounds "9"]
[EventCountry "IOM"]
[SourceTitle "BritBase"]
[SourceDate "2008.07.14"]
[SourceVersion "1"]
[SourceVersionDate "2008.07.14"]
[SourceQuality "2"]

1. e4 c6 2. Nc3 d5 3. d4 g6 4. e5 h5 5. Be2 Nh6 6. Nf3 Bg4 7. h3 Bxf3 8. Bxf3
e6 9. g4 Qh4 10. Bf4 a6 11. Qd2 Qd8 12. Ne2 h4 13. Bg5 Qb6 14. O-O-O Ng8 15.
Nf4 Nd7 16. Qd3 Ne7 17. c3 O-O-O 18. Kb1 Kb8 19. Ng2 Rc8 20. Bxh4 c5 21. Be2
Nc6 22. f4 Qa5 23. Be1 b5 24. Ne3 Ka7 25. Nc2 c4 26. Qd2 Qb6 27. Bf3 a5 28. Ne3
b4 29. Ka1 Qb5 30. Bf2 Rb8 31. Be2 Qa4 32. Nxc4 b3 33. a3 dxc4 34. d5+ Ka8 35.
dxc6 Bxa3 36. bxa3 Qxa3+ 37. Kb1 b2 38. Bxc4 Qa1+ 39. Kc2 Qa4+ 40. Kb1 Qa1+ 41.
Kc2 Qa4+ 42. Kb1 1/2-1/2

[Event "Monarch Assurance Isle of Man 10th"]
[Site "Port Erin IOM"]
[Date "2001.10.03"]
[Round "5.25"]
[White "Dossett, Chris"]
[Black "Isherwood, Paul"]
[Result "0-1"]
[WhiteElo "1768"]
[BlackElo "2172"]
[PlyCount "116"]
[EventDate "2001.09.29"]
[EventType "swiss"]
[EventRounds "9"]
[EventCountry "IOM"]
[SourceTitle "BritBase"]
[SourceDate "2008.07.14"]
[SourceVersion "1"]
[SourceVersionDate "2008.07.14"]
[SourceQuality "2"]

1. e4 e5 2. Nf3 Nc6 3. Bb5 a6 4. Bxc6 dxc6 5. d4 exd4 6. Qxd4 Qxd4 7. Nxd4 c5
8. Ne2 Bd7 9. Be3 O-O-O 10. Nd2 b6 11. O-O-O Ne7 12. Nf4 Nc6 13. Nd5 Ne5 14. f4
Nc6 15. Nf3 f6 16. Rhe1 Re8 17. Bf2 Bg4 18. h3 Bh5 19. g4 Bf7 20. e5 Nb4 21.
Nxb4 cxb4 22. f5 Be7 23. e6 Bg8 24. Rd7 Bd6 25. Kb1 h5 26. Rd1 hxg4 27. hxg4
Re7 28. Rxe7 Bxe7 29. Nh4 Bd6 30. c4 bxc3 31. bxc3 Rh6 32. Ng6 Bxe6 33. Be3 Rh3
34. Bxb6 Bd7 35. Bd4 Rg3 36. Rg1 Rxg1+ 37. Bxg1 Bb5 38. Bd4 Be2 39. g5 Bd3+ 40.
Kb2 fxg5 41. Ne5 Bxf5 42. Nf7 Bf4 43. Bxg7 g4 44. Nh6 Be6 45. Nxg4 Bxg4 46. c4
Bd2 47. Kc2 Bb4 48. Kb3 Be1 49. a3 Be6 50. Bf6 Kd7 51. Be5 c6 52. Bf4 Ke8 53.
Bd6 a5 54. Bc5 Kf7 55. Bd4 Kg6 56. Bc3 Bxc3 57. Kxc3 c5 58. Kb3 Bd7 0-1

[Event "Monarch Assurance Isle of Man 10th"]
[Site "Port Erin IOM"]
[Date "2001.10.03"]
[Round "5.26"]
[White "Nicholson, John"]
[Black "Clark, Stephen P"]
[Result "0-1"]
[WhiteElo "1865"]
[BlackElo "2112"]
[PlyCount "76"]
[EventDate "2001.09.29"]
[EventType "swiss"]
[EventRounds "9"]
[EventCountry "IOM"]
[SourceTitle "BritBase"]
[SourceDate "2008.07.14"]
[SourceVersion "1"]
[SourceVersionDate "2008.07.14"]
[SourceQuality "2"]

1. e4 c6 2. Nc3 d5 3. Nf3 Bg4 4. h3 Bxf3 5. Qxf3 Nf6 6. d3 e6 7. g3 Nbd7 8. Bg2
Bd6 9. O-O O-O 10. Qe2 dxe4 11. dxe4 e5 12. Be3 {(=)} Qe7 13. Rad1 Rfd8 14. f4
Bc5 15. Bxc5 Nxc5 16. Rxd8+ Rxd8 17. Rd1 Rd4 18. fxe5 Qxe5 19. Rxd4 Qxd4+ 20.
Qf2 Qe5 21. Qf4 Qd4+ 22. Qf2 Qxf2+ 23. Kxf2 Kf8 24. Ke3 Ke7 25. b4 Ncd7 26. a4
Ne5 27. g4 h6 28. Kd4 Kd6 29. Ne2 Nfd7 30. c4 c5+ 31. Kc3 Nb6 32. a5 Nbxc4 33.
Nf4 Ne3 34. Bh1 cxb4+ 35. Kxb4 a6 36. Kc3 Kc5 37. Nd5 Nxd5+ 38. exd5 Nc4 0-1

[Event "Monarch Assurance Isle of Man 10th"]
[Site "Port Erin IOM"]
[Date "2001.10.03"]
[Round "5.27"]
[White "Waugh, Jonathon C"]
[Black "Spanton, Tim"]
[Result "0-1"]
[WhiteElo "1672"]
[BlackElo "2051"]
[PlyCount "32"]
[EventDate "2001.09.29"]
[EventType "swiss"]
[EventRounds "9"]
[EventCountry "IOM"]
[SourceTitle "BritBase"]
[SourceDate "2008.07.14"]
[SourceVersion "1"]
[SourceVersionDate "2008.07.14"]
[SourceQuality "2"]

1. e4 c5 2. Nf3 g6 3. d3 Nc6 4. g3 Bg7 5. Bg2 d6 6. c3 Nh6 7. Bg5 O-O 8. h3 f5
9. O-O Nf7 10. Be3 e5 11. Qc1 Be6 12. Ng5 Nxg5 13. Bxg5 Qd7 14. Kh2 f4 15. gxf4
exf4 16. Bxf4 Rxf4 0-1

[Event "Monarch Assurance Isle of Man 10th"]
[Site "Port Erin IOM"]
[Date "2001.10.04"]
[Round "6.1"]
[White "Kiriakov, Petr"]
[Black "Brodsky, Michail"]
[Result "1/2-1/2"]
[WhiteElo "2548"]
[BlackElo "2528"]
[PlyCount "32"]
[EventDate "2001.09.29"]
[EventType "swiss"]
[EventRounds "9"]
[EventCountry "IOM"]
[SourceTitle "BritBase"]
[SourceDate "2008.07.14"]
[SourceVersion "1"]
[SourceVersionDate "2008.07.14"]
[SourceQuality "2"]

1. d4 Nf6 2. c4 e6 3. Nc3 Bb4 4. Qc2 d5 5. cxd5 Qxd5 6. e3 c5 7. Bd2 Bxc3 8.
Bxc3 cxd4 9. Bxd4 Nc6 10. Bc3 O-O 11. Nf3 Qc5 12. Rc1 Nd5 13. Bd2 Qxc2 14. Rxc2
Rd8 15. a3 e5 16. Bb5 Nde7 1/2-1/2

[Event "Monarch Assurance Isle of Man 10th"]
[Site "Port Erin IOM"]
[Date "2001.10.04"]
[Round "6.2"]
[White "Lalic, Bogdan"]
[Black "Tiviakov, Sergei"]
[Result "1/2-1/2"]
[WhiteElo "2528"]
[BlackElo "2618"]
[PlyCount "31"]
[EventDate "2001.09.29"]
[EventType "swiss"]
[EventRounds "9"]
[EventCountry "IOM"]
[SourceTitle "BritBase"]
[SourceDate "2008.07.14"]
[SourceVersion "1"]
[SourceVersionDate "2008.07.14"]
[SourceQuality "2"]

1. d4 Nf6 2. c4 e6 3. g3 d5 4. Bg2 Bb4+ 5. Bd2 Be7 6. Nf3 O-O 7. O-O c6 8. Qc2
b6 9. Bf4 Bb7 10. Rd1 Na6 11. Nc3 dxc4 12. Ne5 Nd5 13. Nxc4 Nxf4 14. gxf4 Nb4
15. Qd2 Nd5 16. Rac1 1/2-1/2